John Updike Novels Quiz Stats

 Plays Quiz Updated Apr 3, 2020

     
Support Sporcle.
Go Orange.
Score 0/27 Timer 07:00
0 Plays Today
Published Novel % Correct
1960Rabbit, Run
91.8%
1971Rabbit Redux
68.5%
1990 (Pulitzer)Rabbit at Rest
64.7%
1981 (Pulitzer)Rabbit is Rich
61.5%
1984The Witches of Eastwick
57.1%
1968Couples
38.1%
1978The Coup
37.4%
2006Terrorist
36.6%
1963The Centaur
34.1%
1970Bech: a Book
33.6%
2008The Widows of Eastwick
33.1%
1982Bech is Back
27.2%
1988S.
26.5%
1959The Poorhouse Fair
24.8%
Published Novel % Correct
1994Brazil
24.8%
2000Gertrude and Claudius
23.8%
2001Rabbit Remembered
23.6%
1992Memories of the Ford Administration
22.1%
1986Roger's Version
21.5%
1975A Month of Sundays
20%
1996In the Beauty of the Lilies
19.7%
1998Bech at Bay
19.6%
1965Of the Farm
18.9%
1976Marry Me
18.9%
1997Toward the End of Time
18.6%
2004Villages
17.6%
2002Seek My Face
17.2%

From the Vault

NBA Teams by Name Length

by leppyfresh

Sports 3m
Hey, this quiz is missing an 11-letter team that starts with 'S'...oh, nevermind.
Remove Ads.
Support Sporcle.
Get the best of Sporcle when you Go Orange. This ad-free experience offers more features, more stats, and more fun while also helping to support Sporcle. Thank you for becoming a member.

Show Comments

Extras

Top Quizzes Today


Score Distribution

Your Account Isn't Verified!

In order to create a playlist on Sporcle, you need to verify the email address you used during registration. Go to your Sporcle Settings to finish the process.

Report this User

Report this user for behavior that violates our Community Guidelines.

Details: